000
00288nam a22001337a 4500
008
170414b xxu||||| |||| 00| 0 eng d
020
_a
9781885115423
041
_a
eng
080
_a
612.39
100
_a
10
101
_a
shm
245
_a
FAST FOOD FACTS
_c
FRANZ, M.J
942
_2
udc
_c
BK
999
_c
10715
_d
10715